000 00301nam a22001337a 4500
008 170314b xxu||||| |||| 00| 0 eng d
020 _a137233876
041 _aeng
080 _22ND
_a591
100 _a7
101 _aSHM
245 _aPROCESSES OF ORGANIC EVOLUTION
_cSTEBBINS, G.L
942 _2udc
_cBK
999 _c7766
_d7766